000 01381nam a22003497a 4500
001 002186
003 CoMeUDC002186
005 20250812192749.0
008 130821s1999 ck gr spa
020 _a9589686907
_c1999
020 _a9589686923
_c2000
020 _a9589686982
_c2001
040 _aCo-BoUCM
_bspa
_cCoMeUDC
_dAldemar Mondragón (modificó)
041 0 0 _aspa
082 0 4 _a348.04
_220
_bS959d
110 1 _aColombia.
_bSuperintendencia Bancaria
_950168
240 1 0 _aDoctrina y conceptos financieros
245 1 0 _aDoctrina y conceptos financieros 1999
_cSuperintendencia Bancaria de Colombia /
260 _aBogotá (Colombia) :
_bLa Superintendencia,
_c1999- .
300 _a[varios volúmenes]
650 0 4 _aFinanzas
_97628
650 0 4 _aFinanzas
_xConceptos
_zColombia
_97628
650 0 4 _aFinanzas
_xLegislación
_zColombia
_97628
650 0 4 _aInstituciones financieras
_zColombia
_928426
651 1 4 _aColombia
_bMinisterio de Hacienda y Crédito Público
_bSuperintendencia Bancaria
_xConceptos
_y2001
_zColombia
_926606
690 _942817
_aFinanzas
710 1 _aColombia.
_bMinisterio de Hacienda y Crédito Público.
_bSuperintenedencia Bancaria
_950169
740 0 2 _aDoctrina y conceptos financieros 1999
740 0 2 _aDoctrina y conceptos financieros 2000
740 0 2 _aDoctrina y conceptos financieros 2001
942 _cBK
_a7
_e1
_mC718d
_2ddc
_h332.1
999 _c861
_d861